000 00436nam a2200157Ia 4500
008 240729s9999 xx 000 0 und d
022 _a2465-4973
245 0 _aStudies in Fungi
260 _aChina
260 _bInstitute of Animal Science, Chinese Academy of Agricultural Sciences
650 _a Botany
650 _aScience
856 _uhttps://doaj.org/toc/382de57fbe134e63ad0f9fce2e019d8e
942 _2ddc
942 _cDOAJEJ
999 _c70855
_d70855
945 _a1
_bMadushi Gamage
_c1
_dMadushi Gamage